Entry Personal Name
Number of records used in: 2
001 - CONTROL NUMBER
003 - CONTROL NUMBER IDENTIFIER
005 - DATE AND TIME OF LATEST TRANSACTION
- control field:
20260305122732.0
008 - FIXED-LENGTH DATA ELEMENTS
- fixed length control field:
181130n| azannaabn |a aaa
010 ## - LIBRARY OF CONGRESS CONTROL NUMBER
- LC control number:
n 2018246236
040 ## - CATALOGING SOURCE
- Original cataloging agency:
DLC
- Language of cataloging:
eng
- Description conventions:
rda
- Transcribing agency:
DLC
100 1# - HEADING--PERSONAL NAME
370 ## - ASSOCIATED PLACE
- Place of birth:
Athirampuzha (India)
372 ## - FIELD OF ACTIVITY
- Field of activity:
Literature
- Source of term:
lcsh
374 ## - OCCUPATION
- Occupation:
Writers
- Source of term:
lcdgt
377 ## - ASSOCIATED LANGUAGE
400 1# - SEE FROM TRACING--PERSONAL NAME
- Personal name:
Jose, Lajo
400 0# - SEE FROM TRACING--PERSONAL NAME
670 ## - SOURCE DATA FOUND
- Source citation:
Kōphi Haus, April 2018:
- Information found:
t.p. (Lājō Jōs) t.p. verso (Lajo Jose) p. 1 (born in Athirampuzha, Kottayam District, Kerala, India; Malayalam author)